=LDR 00000nam 2200000 4500 =001 INLIS000000000012035 =005 20130612103600 =008 ***********************************Ind** =035 ##$$0010-061300000012035 =041 ##$$a Ind =082 ##$$a 576.048 =090 ##$$a 576.048, sta r =100 ##$$a Stanier, Roger y =245 ##$$a Dunia mikrobe, Roger y Stanier, Penerjemah, Agustina Widya Gunawan dkk, editor, Siti Sutarmi Tjetrosomo =260 ##$$a 1986 $b Jakarta =300 ##$$a ...jil, Ilus, 21 cm =650 ##$$a Mikroba =700 ##$$a Gunawan, Agustina Widya =850 ##$$a NBPNMAT